000 00497 a2200193 4500
005 20260422125034.0
008 260422b |||||||| |||| 00| 0 eng d
020 _a9789387972841
_cRs. 1400.00
040 _aMAIN
082 _a915.4
_bA44T
100 _aAcharya, Ram
245 _aTourism and culture heritage of India
260 _bRBSA Publication
_c2021
_aJaipur
300 _a252
650 _aHistory
650 _aTravel- Geography
650 _aTourism Culture- India
942 _cBK
999 _c394774
_d394774